Úvod do analytické geometrie lineárních útvarů a kuželoseček /

Gespeichert in:
Bibliographische Detailangaben
1. Verfasser: Mastný, Emil (Verfasst von)
Format: Buch
Sprache:Tschechisch
Veröffentlicht: Praha : Československá akademie věd, 1953
Schlagworte:
Tags: Tag hinzufügen
Keine Tags, Fügen Sie das erste Tag hinzu!

MARC

LEADER 00000nam a22000003a 4500
001 stu39010
005 20150617225658.4
008 921211s1953----cs------------------cze-d
040 |a STU  |b slo 
041 0 |a cze 
044 |a cs 
080 |a 514.12 
100 1 |a Mastný, Emil  |4 aut 
245 1 |a Úvod do analytické geometrie lineárních útvarů a kuželoseček /  |c [aut.]Emil Mastný 
260 |a Praha :  |b Československá akademie věd,  |c 1953 
300 |a 155 s 
650 7 |a Geometria analytická  |2 stusub 
996 |b 284M002619  |c M*4714-1  |l MMKN  |s A  |a 24  |w stu39010_0001